Smart and Sustainable Planning for Cities and Regions (Record no. 17815)

MARC details
000 -LEADER
fixed length control field 01015nam a2200121Ia 4500
008 - FIXED-LENGTH DATA ELEMENTS--GENERAL INFORMATION
fixed length control field 220615s9999||||xx |||||||||||||| ||und||
245 #0 - TITLE STATEMENT
Title Smart and Sustainable Planning for Cities and Regions
Remainder of title Results of SSPCR 2019—Open Access Contributions
546 ## - LANGUAGE NOTE
Language note English[eng]
650 ## - SUBJECT ADDED ENTRY--TOPICAL TERM
Topical term or geographic name entry element Urban Geography / Urbanism (inc. megacities, cities, towns)||Environmental Policy||Sociology, general||Regional/Spatial Science||Urban Geography and Urbanism||Environmental Social Sciences||Regional and Spatial Economics||environmental protection||urban planning||regional planning||urban big data||smart cities||mobility||urban ecosystem services||climate change||SSPCR||Open Access||Urban & municipal planning||Central / national / federal government policies||Sociology||Political economy||Regional studies
700 ## - ADDED ENTRY--PERSONAL NAME
Personal name Bisello, Adriano||Vettorato, Daniele||Ludlow, David||Baranzelli, Claudia
856 ## - ELECTRONIC LOCATION AND ACCESS
Uniform Resource Identifier <a href="https://library.oapen.org/bitstream/20.500.12657/46812/1/2021_Book_SmartAndSustainablePlanningFor.pdf">https://library.oapen.org/bitstream/20.500.12657/46812/1/2021_Book_SmartAndSustainablePlanningFor.pdf</a>
942 ## - ADDED ENTRY ELEMENTS (KOHA)
Koha item type E-Books
Holdings
Withdrawn status Lost status Damaged status Not for loan Home library Current library Date acquired Total Checkouts Date last seen Price effective from Koha item type
        Kerala University of Digital Sciences, Innovation and Technology Knowledge Centre Kerala University of Digital Sciences, Innovation and Technology Knowledge Centre 15/06/2022   15/06/2022 15/06/2022 E-Books